000 00602nam a2200205Ia 4500
001 114248
003 UNIBE
005 20251204154148.0
008 251201b1999 ||||| |||| 00| 0 spa d
040 _cBIBLIOTECA UNIBE
_erda
041 _aspa
082 _aF-RD 6016
110 2 _aRepública Dominicana. [Constitución]
_918223
245 0 _aConstitución de la República Dominicana
260 4 _aSanto Domingo :
_bCongreso Nacional,
_c1999
300 4 _a51 páginas
505 4 _aDerecho constitucional dominicano
650 _aConstitución
_zRepública Dominicana
_918224
942 _2ddc
_cMX
999 _c114248
_d114248